Dependency Injection in .NET /

Summary Dependency Injection in .NET presents core DI patterns in plain C# so you'll fully understand how DI works, covers integration with standard Microsoft technologies like ASP.NET MVC, and teaches you to use DI frameworks like Structure Map, Castle Windsor, and Unity. About the Technology...

Full description

Bibliographic Details
Main Author: Seemann, Mark (Author)
Corporate Author: Safari, an O'Reilly Media Company
Format: eBook
Language:English
Published: Manning Publications, 2011.
Edition:1st edition.
Subjects:
Online Access:Connect to this electronic resource

MARC

Tag First Indicator Second Indicator Subfields
LEADER 00000uam a2200000 a 4500
001 in00004100188
005 20260122210056.3
006 m o d
007 cr cn
008 100513s2011 xx o eng
020 |z 9781935182504 
020 |z 1935182501 
035 |a (CaSebORM)9781935182504 
040 |d UtOrBLW 
041 0 |a eng 
100 1 |a Seemann, Mark,  |e author. 
245 1 0 |a Dependency Injection in .NET /  |c Seemann, Mark. 
250 |a 1st edition. 
264 1 |b Manning Publications,  |c 2011. 
300 |a 1 online resource (584 pages) 
336 |a text  |b txt  |2 rdacontent 
337 |a computer  |b c  |2 rdamedia 
338 |a online resource  |b cr  |2 rdacarrier 
347 |a text file 
520 |a Summary Dependency Injection in .NET presents core DI patterns in plain C# so you'll fully understand how DI works, covers integration with standard Microsoft technologies like ASP.NET MVC, and teaches you to use DI frameworks like Structure Map, Castle Windsor, and Unity. About the Technology Dependency Injection is a great way to reduce tight coupling between software components. Instead of hard-coding dependencies, such as specifying a database driver, you inject a list of services that a component may need. The services are then connected by a third party. This technique enables you to better manage future changes and other complexity in your software. About this Book Dependency Injection in .NET introduces DI and provides a practical guide for applying it in .NET applications. The book presents the core patterns in plain C#, so you'll fully understand how DI works. Then you'll learn to integrate DI with standard Microsoft technologies like ASP.NET MVC, and to use DI frameworks like StructureMap, Castle Windsor, and Unity. By the end of the book, you'll be comfortable applying this powerful technique in your everyday .NET development. This book is written for C# developers. No previous experience with DI or DI frameworks is required. What's Inside Many C#-based examples A catalog of DI patterns and anti-patterns Using both Microsoft and open source DI frameworks Tabel of Contents PART 1 PUTTING DEPENDENCY INJECTION ON THE MAP A Dependency Injection tasting menu A comprehensive example DI Containers PART 2 DI CATALOG DI patterns DI anti-patterns DI refactorings PART 3 DIY DI Object Composition Object Lifetime Interception PART 4 DI CONTAINERS Castle Windsor StructureMap Spring.NET Autofac Unity MEF  
533 |a Electronic reproduction.  |b Boston, MA :  |c Safari,  |n Available via World Wide Web.  |d 2012. 
538 |a Mode of access: World Wide Web. 
542 |f ©2012 by Manning Publications Co.  |g 2012 
588 |a Online resource; Title from title page (viewed September 28, 2011) 
500 |a Electronic resource. 
655 7 |a Electronic books.  |2 local 
710 2 |a Safari, an O'Reilly Media Company. 
856 4 0 |u https://proxy.library.tamu.edu/login?url=https://go.oreilly.com/TAMU/library/view/-/9781935182504/?ar  |z Connect to this electronic resource  |t 0 
999 f f |s 512be68a-7959-37b9-bf79-5a8e890aec91  |i 19ab03d0-6f7e-3abb-9ff3-66f7a88faa4f  |t 0 
952 f f |a Texas A&M University  |b College Station  |c Electronic Resources  |s www_evans  |d Available Online  |t 0  |h No information provided 
998 f f |t 0  |l Available Online